000 00885nam a2200277 n 4500
003 OSt
005 20220405144630.0
008 220405s18631954enka e 000 0 eng d
020 _qhardback
040 _aPPAK
_beng
_cPPAK
_erda
082 0 4 _223
_a398
090 0 0 _a398
_bKIN
_dKAO
100 1 _aKingsley, Charles,
_d1819-1875
_eauthor.
245 1 0 _aTHE WATER BABIES and SELECTED POEM /
_cCHARLES KINGSLEY ; With an Introduction by DAVID DAVIS ; Illustrated by JEAN CRUICKSHANKS
264 1 _aLondon :
_bCollins,
_c1954
264 4 _c©1863
300 _a288 pages :
_billustrations ;
_c18 cm
336 _2rdacontent
_atext
337 _2rdamedia
_aunmediated
338 _2rdacarrier
_avolume
504 _aIncludes bibliography pages : 287-288
650 1 0 _aFairy tales
700 1 _aDavis, David,
_eauthor.
700 1 _aCruickshanks, Jean,
_eillustrator.
942 _2ddc
_cB
999 _c187658
_d187658